000 00739nam a2200229Ia 4500
003 GCL
008 140319s9999 xx 000 0 ara d
040 _aGCL /
_cGCL
082 0 4 _a372.4
_bس د
100 1 _aسهير محفوظ (اعداد)
245 1 0 _aدور الاباء فى التوجيه القرائى للاطفال دراسة ميدانية /
_cسهير محفوظ (اعداد)
700 1 _aمركز توثيق بحوث ادب الاطفال
300 _a121 ص
490 _a
650 0 4 _aالاطفال
650 0 4 _aالقراءة
650 0 4 _aمكتبات الاطفال
650 0 4 _aالاباء
650 0 4 _aالمكتبات المدرسية
650 0 4 _aالكتب والقراءة
942 _2ddc
_cBK
999 _c37560
_d37560